| 000 | 00888nam a22002537a 4500 | ||
|---|---|---|---|
| 005 | 20170124105923.0 | ||
| 010 | _aA-286545 | ||
| 020 |
_c00.00 _a8120201574 |
||
| 035 | _aA-286545 | ||
| 037 | _bCen Lib/Ret | ||
| 040 |
_aDPL _bEN |
||
| 082 | _a320.954 | ||
| 100 |
_aMoin Shakir _95470 |
||
| 245 |
_aState and politics contemporary India / _cby Moin Shakir |
||
| 260 |
_aDelhi _bAjanta Publications _c1986 |
||
| 270 |
_aBungalow Road 1-U.B.Jawahar Nagar _bDelhi _e110007 |
||
| 300 |
_axv,209p. _c21cm(Hb) |
||
| 500 | _aIncludes bibliographical references and index | ||
| 650 |
_aPolitical science _95471 |
||
| 650 |
_aPower resources-Political aspects _95472 |
||
| 650 |
_aराजनीति विज्ञान _9442 |
||
| 650 |
_aपावर संसाधनों-राजनीतिक पहलुओं _95473 |
||
| 942 |
_2ddc _cEN _h320.954 _mMOI |
||
| 999 |
_c123336 _d123336 |
||